Statistics for Tria.OS Competition maps

Click here to take the quiz!

General Stats

  • This quiz has been taken 46 times
    (44 since last reset)
  • The average score is 21 of 40

Answer Stats

CreatorAnswer% Correct
fxrezfulReaver
91%
Tac_TaillikeBroken Reality
86%
VaraAcedia
82%
ShaimoonsParanormal Tombs
77%
ramzfggEndless
73%
SuperGrind District
73%
DzrolMystical Realm
73%
RadicalRadioWindy Departure
73%
StickyBrumal Chateau
68%
MADB0SSFrosted Laboratory
68%
Mar_R10ZLush Remnant
68%
Epic_FlaxezMisty Waterfall
64%
VortexPeaceful Grasslands
64%
Affluent_RileyMagma Chamber's
59%
chelleSomnium
59%
MADB0SSStorm Ruins
59%
kojodatWandering Crystals
59%
Link_CableWelcome to Funland
59%
SolarMagneticSteaming Landscape
55%
StickyUnderground Collapse
55%
ShaadthVolcanic Premises
55%
Phoenix_Arduous
50%
AlexGamerProAbandoned Laboratory
45%
RobertoFacility Della Strutura
45%
SecretSeason4Spring Spires
45%
Nomelines😏
41%
WaterDaydreamer Swift
41%
HawxyBirdMoonlight Shores
41%
MerryistsPixel Fantasy
41%
GalaxyV0IDSky Fortress
41%
ViarSnowy Environment
41%
SWAT_CombatDimensional Caves
36%
BlingTria Resort
36%
RayhanUmbralis Reshaded
36%
YozyMidnight Mystery
32%
RadioColorsKneeling Shore
27%
SecretSeason4Lost Lands
27%
notpro_playersMossy Waterfall
18%
RayhanUmbralis Legacy
14%
Mar_R10ZMoonlit Meadows
9%

Score Distribution

Percentile by Number Answered

Percent of People with Each Score

Your Score History

You have not taken this quiz since the last reset